2025/26 Red Card Quiz - Statistics

General Stats
  • This quiz has been taken 5 times
    2 since last reset
  • The average score is 27 of 40
Answer Stats
Nationality Club Position Red Cards Player % Correct
German Hearts Goalkeeper 1 Alexander Schwolow
100%
Cypriot St Mirren Defender 1 Alex Gogic
100%
American Celtic Defender 2 Auston Trusty
100%
Scottish Hearts Defender 1 Craig Halkett
100%
Colombian Livi Defender 1 Cristian Montano
100%
Scottish Killie Midfielder 1 David Watson
100%
Scottish Aberdeen Defender 1 Dylan Lobban
100%
Scottish Aberdeen Midfielder 1 Graeme Shinnie
100%
Scottish Hibs Defender 2 Grant Hanley
100%
Scottish Aberdeen Defender 1 Jack Milne
100%
Irish Hibs Midfielder 1 Jamie McGrath
100%
Scottish Falkirk Defender 1 Liam Henderson
100%
Austrian Motherwell Midfielder 1 Lukas Fadinger
100%
Scottish Hearts Midfielder 1 Marc Leonard
100%
Burkina Faso Rangers Defender 1 Nasser Djiga
100%
Austrian Hibs Goalkeeper 1 Raphael Sallinger
100%
Jamaican St Mirren Defender 1 Richard King
100%
Welsh Dundee Defender 1 Ryan Astley
100%
Scottish Dundee Forward 1 Simon Murray
100%
English/Indian Dundee Midfielder 1 Yan Dhanda
100%
Swedish Dundee United Forward 1 Amar Fatah
50%
DRC Hearts Midfielder 1 Beni Baningime
50%
French Livi Defender 1 Brooklyn Kabongolo
50%
English Killie Defender 1 Dominic Thompson
50%
Scottish Motherwell Midfielder 1 Elliot Watt
50%
English Motherwell Defender 1 Emmanuel Longelo
50%
German Hibs Defender 1 Felix Passlack
50%
English Hearts Defender 1 Frankie Kent
50%
New Zealand Killie Defender 1 George Stanger
50%
English St Mirren Defender 1 Jayden Richardson
50%
DRC Livi Forward 1 Jeremy Bokila
50%
Scottish Aberdeen Defender 1 Liam Morrison
50%
Scottish Aberdeen Defender 1 Nicky Devlin
50%
Guinea-Bissau Dundee United Midfielder 1 Panutche Camara
50%
Ghanaian Dundee United Midfielder 1 Emmanuel Agyei
0%
Scottish Killie Midfielder 1 Jack Thomson
0%
English St Mirren Forward 1 Jake Young
0%
Scottish Livi Defender 1 Ryan Mcgowan
0%
English Killie Midfielder 1 Tom Lowery
0%
Croatian Dundee United Midfielder 1 Vicko Sevelji
0%
No matching quizzes found
Score Distribution
Percent of People with Each Score
Percentile by Number Answered
Your Score History
You have not taken this quiz since the last reset